01186nam a2200265Ia 4500003000900000008004100009020001800050040001600068080002200084111007900106245027900185260005300464300001500517490005500532650004100587650002400628650002400652650002700676700003300703700003100736700003300767942000700800999001500807952009800822IN-BaIIA211028s9999 xx 000 0 eng d a0-89766-180-X cIIA Library a524.5(082.2)bSYM aSymposium on the Orion Nebula to Honor Henry DrapercNew Yorkd1981913140 0aSymposium on the orion nebula to honor Henry Draperbsymposium on the Orion Nebula to Honor Henry Draper held by the Department of Physics of New York University, 1981cedited by A. E. Glassgold, P.J. Huggins and E. L. Schucking  aNew YorkbThe New York Academy of Sciencesc1982 axii, 338p. aAnnals of the New York academy of sciences; v. 395 aAstronomy and astrophysics thesaurus aDraper Henry913141 aOrion nebulae91190 aStars formation913142 aGlassgold, A. E., ed.913143 aHuggins, P. J., ed.913144 aSchucking, E. L., ed.913145 cBK c7778d7778 00104070aBANbBANcGENd1983-09-02l0o524.5(082.2)/ SYMp8595r2021-11-05w1983-09-02yBK